[Event "Mlada Boleslav Region-ch U20"]
[Site "Mlada Boleslav"]
[Date "2014.06.22"]
[Round "6"]
[White "Kucera, Jan3333"]
[Black "Duty, Simon"]
[Result "1-0"]
[WhiteElo "1324"]
[BlackElo "1252"]
[PlyCount "48"]
[EventDate "2014.06.21"]
[EventType "swiss"]
[EventRounds "7"]
[EventCountry "CZE"]
[SourceTitle "EXT 2016"]
[Source "ChessBase"]
[SourceDate "2015.10.08"]
[SourceVersion "1"]
[SourceVersionDate "2015.10.08"]
[SourceQuality "1"]

1. e4 c6 2. Nc3 d5 3. exd5 cxd5 4. d4 Bf5 5. Bf4 Nc6 6. Nb5 e5 7. dxe5 a6 8. Nc3 Bb4 9. Bd2 Nge7 10. f4 d4 11. Nce2 d3 12. cxd3 Bxd2+ 13. Qxd2 Qxd3 14. Qxd3 Bxd3 15. Rd1 0-0-0 16. Nf3 Nb4 17. Rc1+ Nc2+ 18. Kf2 Kb8 19. Ng3 Bg6 20. Nh4 Rd2+ 21. Be2 Bd3 22. Nf3 Rxe2+ 23. Nxe2 Nf5 24. Rhd1 Rd8 1-0

[Event "Mlada Boleslav Region-ch U20"]
[Site "Mlada Boleslav"]
[Date "2013.06.23"]
[Round "5"]
[White "Balek, Filip"]
[Black "Duty, Simon"]
[Result "1-0"]
[WhiteElo "1597"]
[BlackElo "1250"]
[PlyCount "37"]
[EventDate "2013.06.22"]
[EventType "swiss"]
[EventRounds "7"]
[EventCountry "CZE"]
[SourceTitle "EXT 2015"]
[Source "ChessBase"]
[SourceDate "2014.11.20"]
[SourceVersion "1"]
[SourceVersionDate "2014.11.20"]
[SourceQuality "1"]

1. e4 c6 2. d4 d5 3. exd5 cxd5 4. c4 Nf6 5. Nc3 Bf5 6. Qb3 Qd7 7. cxd5 e6 8. Bb5 Nc6 9. dxc6 bxc6 10. Ba4 Nd5 11. Nxd5 exd5 12. Nf3 Be7 13. Ne5 Qe6 14. Bxc6+ Kf8 15. Bxa8 Bd6 16. Bxd5 Qe7 17. Qb7 Qe8 18. Qa8 Bc8 19. 0-0 1-0

[Event "Mlada Boleslav Region-ch U20"]
[Site "Mlada Boleslav"]
[Date "2012.06.23"]
[Round "2"]
[White "Duty, Simon"]
[Black "Jezek, Stanislav1111"]
[Result "1-0"]
[WhiteElo "1250"]
[BlackElo "1000"]
[PlyCount "77"]
[EventDate "2012.06.23"]
[EventType "swiss"]
[EventRounds "7"]
[EventCountry "CZE"]
[SourceTitle "EXT 2014"]
[Source "ChessBase"]
[SourceDate "2013.11.20"]
[SourceVersion "1"]
[SourceVersionDate "2013.11.20"]
[SourceQuality "1"]

1. e4 e5 2. Nf3 Nc6 3. Bc4 Nf6 4. Nc3 Bc5 5. d3 0-0 6. Bg5 h6 7. Bh4 d6 8. h3 Nd4 9. Nd5 Nxf3+ 10. Qxf3 Be6 11. Nxf6+ Kh8 12. Ng4 Qxh4 13. 0-0-0 Bxc4 14. dxc4 Qg5+ 15. Kb1 Kg8 16. h4 Qg6 17. b3 Bxf2 18. Nxf2 c6 19. h5 Qg5 20. Nh3 Qe7 21. Qg3 b5 22. cxb5 cxb5 23. Rd5 Qc7 24. Rxb5 Rac8 25. Rc1 Qc6 26. Rd5 Rc7 27. Qd3 Qc3 28. Rxd6 Qxd3 29. Rxd3 a5 30. a4 Rfc8 31. Kb2 Rb8 32. Nf2 Rb4 33. Rd5 Re7 34. Rxa5 Rd4 35. Rd5 Rxd5 36. exd5 e4 37. Re1 e3 38. Nd1 e2 39. Nc3 1-0

[Event "Mlada Boleslav Region-ch U20"]
[Site "Mlada Boleslav"]
[Date "2012.06.23"]
[Round "3"]
[White "Janda, Lukas"]
[Black "Duty, Simon"]
[Result "0-1"]
[WhiteElo "1100"]
[BlackElo "1250"]
[PlyCount "122"]
[EventDate "2012.06.23"]
[EventType "swiss"]
[EventRounds "7"]
[EventCountry "CZE"]
[SourceTitle "EXT 2014"]
[Source "ChessBase"]
[SourceDate "2013.11.20"]
[SourceVersion "1"]
[SourceVersionDate "2013.11.20"]
[SourceQuality "1"]

1. e4 c6 2. Bc4 d5 3. exd5 cxd5 4. Bb5+ Bd7 5. Bxd7+ Nxd7 6. Nf3 e6 7. 0-0 Ngf6 8. d3 Bd6 9. Nc3 Qc7 10. Nb5 Qb6 11. Nxd6+ Qxd6 12. Bd2 0-0 13. Qc1 Ne5 14. Bf4 Nxf3+ 15. Kh1 Ne5 16. Re1 Nfg4 17. Bxe5 Nxe5 18. g3 Ng6 19. Qe3 b6 20. c4 Rac8 21. Rac1 dxc4 22. Rxc4 Rxc4 23. dxc4 Qc6+ 24. Qe4 Qxe4+ 25. Rxe4 Rc8 26. b4 f5 27. Rxe6 Rxc4 28. a3 Rc3 29. Re8+ Kf7 30. Rd8 Rxa3 31. Rd7+ Kg8 32. Rd5 Ne7 33. Re5 Kf7 34. b5 Rb3 35. h4 Kf6 36. Re2 Rxb5 37. f3 a5 38. g4 g6 39. g5+ Kf7 40. Kh2 a4 41. Ra2 Ra5 42. Kg3 a3 43. Kf4 b5 44. Ke3 b4 45. Kd2 b3 46. Ra1 b2 47. Rb1 a2 48. Rxb2 a1Q 49. Kc2 Ra2 50. Rxa2 Qxa2+ 51. Kc3 Qa3+ 52. Kc4 Qxf3 53. Kc5 Qf2+ 54. Kc4 Qxh4+ 55. Kd3 Ke6 56. Kc3 Kd5 57. Kd2 Kd4 58. Ke2 Qg3 59. Kd2 Qg2+ 60. Kc1 Kc3 61. Kd1 Qd2# 0-1

[Event "Mlada Boleslav Region-ch U20"]
[Site "Mlada Boleslav"]
[Date "2012.06.23"]
[Round "1"]
[White "Kovarik, Vojtech"]
[Black "Duty, Simon"]
[Result "1-0"]
[WhiteElo "1100"]
[BlackElo "1250"]
[PlyCount "69"]
[EventDate "2012.06.23"]
[EventType "swiss"]
[EventRounds "7"]
[EventCountry "CZE"]
[SourceTitle "EXT 2014"]
[Source "ChessBase"]
[SourceDate "2013.11.20"]
[SourceVersion "1"]
[SourceVersionDate "2013.11.20"]
[SourceQuality "1"]

1. e4 c6 2. Nf3 d5 3. exd5 cxd5 4. d4 Bg4 5. Be2 Nf6 6. Nc3 Nc6 7. h3 Bxf3 8. Bxf3 e6 9. a3 h6 10. 0-0 Bd6 11. Be3 Bc7 12. Ne2 g5 13. Qd2 Qd6 14. Ng3 Ne4 15. Bxe4 dxe4 16. f4 exf3 17. Rxf3 0-0-0 18. c3 f5 19. Bf2 h5 20. Qxg5 Qe7 21. Qe3 Bxg3 22. Bxg3 h4 23. Bh2 Rhg8 24. Raf1 Rde8 25. c4 Qg7 26. R1f2 Nxd4 27. Rf4 Rd8 28. Rd2 e5 29. Rff2 f4 30. Qe1 f3 31. Qxe5 fxg2 32. Qb8+ Kd7 33. Rxd4+ Qxd4 34. Qc7+ Ke8 35. Qf7# 1-0